[Event "2.BLW 1617 Aachener SV - SV Hofheim"]
[Site "?"]
[Date "2017.03.19"]
[Round "7.5"]
[White "Perske, Thore"]
[Black "Jackelen, Thomas"]
[Result "1/2-1/2"]
[WhiteElo "2400"]
[BlackElo "2406"]
[PlyCount "93"]
[EventDate "2017.??.??"]

1. e4 e6 2. d4 d5 3. Nd2 dxe4 4. Nxe4 Nd7 5. Nf3 Ngf6 6. Bd3 c5 7. O-O cxd4 8.
Nxd4 Nxe4 9. Bxe4 Nf6 10. Bg5 Be7 11. Bf3 O-O 12. Re1 Qb6 13. Nb3 Rd8 14. Qe2
Bd7 15. c4 Bc6 16. Be3 Qc7 17. Bxc6 Qxc6 18. Nd4 Qe4 19. Nb5 a6 20. Nc3 Qc6 21.
Rac1 Rac8 22. b3 h6 23. h3 Bb4 24. Red1 Rxd1+ 25. Qxd1 Ne8 26. Qg4 Nf6 27. Qh4
Be7 28. Qd4 Ne8 29. Qb6 Nd6 30. Qxc6 Rxc6 31. g4 Kf8 32. Rd1 Ke8 33. Ne2 Ne4
34. f3 Bc5 35. Bxc5 Nxc5 36. Kf2 Ke7 37. Nc3 g5 38. Ke3 Rc8 39. Rd4 Nd7 40. Ne4
Rc6 41. Rd2 Ne5 42. Rh2 f5 43. Nf2 b5 44. Nd3 Nxd3 45. Kxd3 bxc4+ 46. bxc4 Kd6
47. Kd4 {(=)} 1/2-1/2

[Event "2.BLW 1617 Aachener SV - SV Hofheim"]
[Site "?"]
[Date "2017.03.19"]
[Round "7.6"]
[White "Sonntag, Hans-Hubert"]
[Black "Zude, Arno"]
[Result "1/2-1/2"]
[WhiteElo "2353"]
[BlackElo "2400"]
[PlyCount "50"]
[EventDate "2017.??.??"]

1. e4 e5 2. Nf3 Nc6 3. Bc4 Bc5 4. c3 Nf6 5. d4 exd4 6. cxd4 Bb4+ 7. Bd2 Bxd2+
8. Nbxd2 d5 9. exd5 Nxd5 10. O-O O-O 11. Ne5 Nxe5 12. dxe5 Nb6 13. Bb3 Bf5 14.
Nc4 Qe7 15. Nxb6 axb6 16. Re1 Ra5 17. f4 Qc5+ 18. Kh1 Qf2 19. g4 Be6 20. f5
Bxb3 21. Qxb3 Rxa2 22. Qxa2 Qf3+ 23. Kg1 Qxg4+ 24. Kh1 Qf3+ 25. Kg1 Qg4+
1/2-1/2

[Event "2.BLW 1617 Aachener SV - SV Hofheim"]
[Site "?"]
[Date "2017.03.19"]
[Round "7.7"]
[White "Weber, Ulrich"]
[Black "Klein, Felix"]
[Result "1/2-1/2"]
[WhiteElo "2375"]
[BlackElo "2313"]
[PlyCount "116"]
[EventDate "2017.??.??"]

1. Nf3 d5 2. g3 c6 3. Bg2 Bg4 4. d3 Nd7 5. O-O Ngf6 6. Nbd2 e5 7. e4 dxe4 8.
dxe4 Bc5 9. h3 Bh5 10. Qe1 O-O 11. Nc4 Re8 12. a4 Nb6 13. Na5 Rb8 14. Nh4 Nfd7
15. Nf5 Qc7 16. Qc3 Bg6 17. b4 Bf8 18. Rd1 Rbd8 19. Bg5 f6 20. Be3 Nb8 21. Rxd8
Rxd8 22. Nb3 Na6 23. Nc5 Nxc5 24. bxc5 Nc8 25. Rb1 Rd7 26. Bf1 Qd8 27. Bc4+ Kh8
28. Kg2 Bf7 29. Bxf7 Rxf7 30. Qc4 Qe8 31. Rd1 Rd7 32. Rd3 g6 33. Nh4 Kg7 34.
Nf3 Rxd3 35. cxd3 Qf7 36. Qc3 Kg8 37. d4 exd4 38. Qxd4 Ne7 39. Qd7 Qc4 40. Qe8
g5 41. e5 fxe5 42. Nxg5 h6 43. Nf3 Qf7 44. Qb8 Nf5 45. Qxe5 Nxe3+ 46. Qxe3 Qd5
47. g4 Bxc5 48. Qxh6 b5 49. Qg6+ Kf8 50. Qf6+ Kg8 51. axb5 cxb5 52. h4 b4 53.
h5 Bf8 54. h6 Qe4 55. Kg3 Qd3 56. Qe6+ Kh8 57. Qf6+ Kg8 58. Qe6+ Kh8 1/2-1/2

[Event "2.BLW 1617 Aachener SV - SV Hofheim"]
[Site "?"]
[Date "2017.03.19"]
[Round "7.8"]
[White "Meessen, Rudolf"]
[Black "Brendel, Oliver"]
[Result "1-0"]
[WhiteElo "2285"]
[BlackElo "2328"]
[PlyCount "69"]
[EventDate "2017.??.??"]

1. d4 Nf6 2. Nc3 d5 3. Bf4 c5 4. e3 cxd4 5. exd4 a6 6. Nf3 Nc6 7. Ne5 e6 8. Be2
Bb4 9. O-O O-O 10. Nxc6 bxc6 11. Na4 Nd7 12. a3 Be7 13. b4 f6 14. c4 Nb6 15.
Nxb6 Qxb6 16. c5 Qd8 17. Bd3 Qe8 18. Re1 Qf7 19. Qc2 g5 20. Bg3 Kg7 21. a4 Bd8
22. b5 axb5 23. axb5 Rxa1 24. Rxa1 cxb5 25. Bxb5 Qb7 26. c6 Qb6 27. Bd6 Rf7 28.
Qc5 e5 29. Qxd5 Qxd4 30. Qxd4 exd4 31. Bc4 Bc7 32. Bc5 Be5 33. Bxf7 Kxf7 34.
Ra8 Bf5 35. c7 1-0

[Event "2.BLW 1617 SG Köln Porz - SF Katernberg"]
[Site "?"]
[Date "2017.03.19"]
[Round "7.1"]
[White "Tomic, Bosko"]
[Black "Van Wely, Loek"]
[Result "1-0"]
[WhiteElo "2453"]
[BlackElo "2676"]
[PlyCount "79"]
[EventDate "2017.??.??"]

1. c4 e5 2. e3 Nf6 3. Nc3 Bb4 4. Nge2 O-O 5. Nd5 Nxd5 6. cxd5 d6 7. g3 Bg4 8.
Bg2 Nd7 9. O-O f5 10. f3 Bh5 11. d4 Ba5 12. Bd2 Bb6 13. Qb3 Nf6 14. Kh1 Bf7 15.
e4 fxe4 16. fxe4 Bh5 17. Qc4 Bxe2 18. Qxe2 Bxd4 19. Bg5 Kh8 20. Rad1 Qd7 21.
Rf5 c6 22. Qf1 cxd5 23. exd5 e4 24. Bxe4 Rfe8 25. Bxf6 Bxf6 26. Qf3 Bxb2 27.
Rf1 Bf6 28. Rh5 h6 29. Bb1 Kg8 30. Qd3 Qg4 31. Rxh6 Kf7 32. h3 Qg5 33. Rg6 Qh5
34. g4 Qh4 35. g5 Re1 36. gxf6 Rxf1+ 37. Qxf1 gxf6 38. Rg4 Qh6 39. Bg6+ Kg7 40.
Bf5+ 1-0

[Event "2.BLW 1617 SG Köln Porz - SF Katernberg"]
[Site "?"]
[Date "2017.03.19"]
[Round "7.2"]
[White "Timman, Jan H"]
[Black "Pijpers, Arthur"]
[Result "0-1"]
[WhiteElo "2574"]
[BlackElo "2445"]
[PlyCount "86"]
[EventDate "2017.??.??"]

1. Nf3 d5 2. g3 Nf6 3. Bg2 c6 4. c4 dxc4 5. O-O Nbd7 6. Qc2 Nb6 7. Na3 Be6 8.
Ne5 h5 9. b3 cxb3 10. axb3 h4 11. Nac4 Nxc4 12. bxc4 hxg3 13. hxg3 Qc8 14. f4
Bh3 15. f5 e6 16. Bxh3 Rxh3 17. Kg2 Rh5 18. g4 Rh4 19. Bb2 Nxg4 20. Kg3 Qd8 21.
f6 Nxe5 22. Kxh4 gxf6 23. Kh3 Nd7 24. Qh7 f5 25. Rg1 Qb6 26. Bc3 Qf2 27. Qh5
Bd6 28. Rg2 Qf4 29. e3 Qxc4 30. Rg8+ Bf8 31. Rag1 Qe4 32. Bg7 O-O-O 33. Bxf8
Nf6 34. Qxf7 Nxg8 35. Rxg8 Qh1+ 36. Kg3 f4+ 37. Kg4 Qg2+ 38. Kh4 Qh1+ 39. Kg4
Qg2+ 40. Kh4 Qh2+ 41. Kg5 Rd5+ 42. Kf6 Qh4+ 43. Kxe6 Qh3+ 0-1

[Event "2.BLW 1617 SG Köln Porz - SF Katernberg"]
[Site "?"]
[Date "2017.03.19"]
[Round "7.3"]
[White "Admiraal, Miguoel"]
[Black "Khenkin, Igor"]
[Result "0-1"]
[WhiteElo "2441"]
[BlackElo "2565"]
[PlyCount "92"]
[EventDate "2017.??.??"]

1. e4 c5 2. Nf3 Nc6 3. Bb5 g6 4. Bxc6 bxc6 5. O-O Bg7 6. Re1 Nh6 7. c3 O-O 8.
h3 f5 9. e5 Nf7 10. d3 Rb8 11. Na3 Ba6 12. Nc4 d5 13. Ncd2 Bxd3 14. Nb3 Be4 15.
e6 Nd6 16. Nxc5 Bxf3 17. Qxf3 Re8 18. Nd7 Rb7 19. h4 Rxd7 20. exd7 Qxd7 21. Be3
e5 22. Rad1 Nc4 23. Qe2 Qb7 24. Bc1 e4 25. b3 Ne5 26. Bf4 h6 27. c4 Kh7 28.
cxd5 cxd5 29. Qe3 Rc8 30. Bxe5 Bxe5 31. h5 gxh5 32. Rc1 Rg8 33. Qh3 Qf7 34. Rc5
Bd4 35. Rc6 Bb6 36. Rec1 d4 37. a4 d3 38. Rd6 Rg6 39. Rxg6 Qxg6 40. Kf1 Qg5 41.
Rc6 Qf4 42. Qg3 Qxg3 43. fxg3 Bd4 44. Rd6 Bc3 45. Rc6 Bd2 46. Rd6 a5 0-1

[Event "2.BLW 1617 SG Köln Porz - SF Katernberg"]
[Site "?"]
[Date "2017.03.19"]
[Round "7.4"]
[White "Bok, Benjamin"]
[Black "Ris, Robert"]
[Result "1-0"]
[WhiteElo "2596"]
[BlackElo "2415"]
[PlyCount "81"]
[EventDate "2017.??.??"]

1. Nf3 Nf6 2. g3 d5 3. Bg2 e6 4. O-O Be7 5. c4 O-O 6. b3 b6 7. Bb2 Bb7 8. e3 c5
9. Qe2 Nc6 10. Rd1 Qc7 11. Nc3 Rfd8 12. cxd5 Nxd5 13. Nxd5 Rxd5 14. d4 cxd4 15.
Nxd4 Nxd4 16. Bxd4 Rd7 17. Rac1 Qb8 18. Qg4 Bf8 19. Be5 Rxd1+ 20. Rxd1 Qc8 21.
Be4 a6 22. Qf3 Ra7 23. Rd4 Bxe4 24. Qxe4 Rd7 25. Rc4 Qd8 26. Bd4 b5 27. Rc6 Rd6
28. Rc3 Rd5 29. Kg2 Qd7 30. Qf4 Bd6 31. Qg4 f5 32. Qf3 Bf8 33. Rc2 e5 34. Bb2
e4 35. Qf4 Qd6 36. Bd4 Qxf4 37. gxf4 Kf7 38. Rc7+ Ke6 39. Ra7 Rd6 40. Bc5 Rd7
41. Rxd7 1-0

[Event "2.BLW 1617 SG Köln Porz - SF Katernberg"]
[Site "?"]
[Date "2017.03.19"]
[Round "7.5"]
[White "Kevlishvili, Robby"]
[Black "Korneev, Oleg"]
[Result "1/2-1/2"]
[WhiteElo "2414"]
[BlackElo "2596"]
[PlyCount "105"]
[EventDate "2017.??.??"]

1. e4 e5 2. Nf3 Nc6 3. Bb5 Nf6 4. d3 Bc5 5. Bxc6 dxc6 6. Bg5 Qd6 7. Nbd2 Be6 8.
Bxf6 gxf6 9. Nc4 Qd7 10. Qe2 Rg8 11. g3 a6 12. Nh4 O-O-O 13. a3 Qd4 14. Nf3 Qd7
15. Nh4 Qd4 16. Nf3 Qd7 17. O-O-O Bg4 18. Ne3 Bxe3+ 19. Qxe3 Qe6 20. Kb1 f5 21.
Rde1 fxe4 22. Qxe4 f6 23. Nh4 Qd7 24. f4 Rde8 25. fxe5 fxe5 26. Rhf1 Kb8 27.
Rf6 Qg7 28. Ref1 Be6 29. Qe3 Rgf8 30. Rxf8 Rxf8 31. Re1 Qf6 32. b3 Bg4 33. Qe4
Bc8 34. Qxh7 Qf2 35. Qe4 Qxh2 36. Qxe5 Rf2 37. Rc1 Re2 38. Qg5 Qf2 39. Ng6 Re3
40. g4 Qg3 41. Rh1 Re8 42. Qc5 Qxg4 43. Ne5 Qe6 44. Re1 Ka8 45. Re4 Qd5 46. Qe3
c5 47. Nf3 Rxe4 48. Qxe4 Qxe4 49. dxe4 b6 50. Kc1 Kb7 51. Kd2 Kc6 52. Ke3 a5
53. Kd3 1/2-1/2

[Event "2.BLW 1617 SG Köln Porz - SF Katernberg"]
[Site "?"]
[Date "2017.03.19"]
[Round "7.6"]
[White "Reinderman, Dimitri"]
[Black "Scholz, Christian"]
[Result "1-0"]
[WhiteElo "2578"]
[BlackElo "2378"]
[PlyCount "71"]
[EventDate "2017.??.??"]

1. c4 Nf6 2. Nc3 g6 3. e4 d6 4. d4 Bg7 5. Nf3 O-O 6. Be2 e5 7. O-O Nc6 8. d5
Ne7 9. Ne1 Nd7 10. Be3 f5 11. f3 f4 12. Bf2 g5 13. a4 a5 14. Nd3 Nf6 15. c5 h5
16. cxd6 cxd6 17. Qb3 Ng6 18. Bb6 Qe7 19. Nb5 Ne8 20. Nf2 Nh4 21. Rac1 g4 22.
fxg4 hxg4 23. Bxg4 Bxg4 24. Nxg4 Qg5 25. Qh3 Nf6 26. Nxf6+ Rxf6 27. Bf2 Rh6 28.
Bxh4 Rxh4 29. Qe6+ Kh7 30. Nxd6 Rf8 31. Nf5 Rg4 32. Rc7 Rg8 33. Qxg8+ Kxg8 34.
Rxg7+ Qxg7 35. Nxg7 Kxg7 36. Rf3 1-0

[Event "2.BLW 1617 SG Köln Porz - SF Katernberg"]
[Site "?"]
[Date "2017.03.19"]
[Round "7.7"]
[White "Hoolt, Sarah"]
[Black "Van Den Doel, Erik"]
[Result "1/2-1/2"]
[WhiteElo "2390"]
[BlackElo "2568"]
[PlyCount "62"]
[EventDate "2017.??.??"]

1. e4 e5 2. Nf3 Nc6 3. Bc4 Bc5 4. d3 Nf6 5. Bb3 d6 6. c3 a6 7. Nbd2 O-O 8. h3
Be6 9. O-O Re8 10. a4 Bxb3 11. Qxb3 d5 12. a5 Qd7 13. Rd1 h6 14. Nf1 dxe4 15.
dxe4 Qe6 16. Qa4 Red8 17. Be3 Bf8 18. Ng3 Rxd1+ 19. Rxd1 Rd8 20. Rxd8 Nxd8 21.
Nd2 g6 22. Kf1 Nd7 23. Qc4 Qxc4+ 24. Nxc4 f6 25. f3 Kf7 26. Ne2 Ke6 27. Nc1 Nf7
28. Ke2 h5 29. Nd3 Nd6 30. Nd2 Nf7 31. Nc4 Nd6 {(=)} 1/2-1/2

[Event "2.BLW 1617 SG Köln Porz - SF Katernberg"]
[Site "?"]
[Date "2017.03.19"]
[Round "7.8"]
[White "Lutz, Christopher"]
[Black "Bee, Marcus"]
[Result "1/2-1/2"]
[WhiteElo "2535"]
[BlackElo "2157"]
[PlyCount "80"]
[EventDate "2017.??.??"]

1. e4 e6 2. d4 d5 3. Nc3 Nc6 4. Nf3 Nf6 5. Bg5 Be7 6. Bxf6 Bxf6 7. Bb5 O-O 8.
Qd2 a6 9. Bxc6 bxc6 10. e5 Be7 11. Na4 f6 12. O-O Bd7 13. Nc5 Bxc5 14. dxc5 a5
15. a3 Qe7 16. b4 axb4 17. axb4 Rfb8 18. c3 Qf8 19. h3 Rxa1 20. Rxa1 Ra8 21.
Rxa8 Qxa8 22. Kh2 Qf8 23. Qf4 f5 24. Nd4 h6 25. h4 Qe7 26. Kg1 Qe8 27. g3 Qa8
28. Kg2 Qa3 29. Qd2 Qa6 30. Qe2 Qa3 31. Qc2 Qa6 32. f3 Qa8 33. Qd2 Qa6 34. Qe2
Qa3 35. Qc2 Qa8 36. Ne2 Qa6 37. Qd2 Qc4 38. Nd4 Qa6 39. Qe2 Qa3 40. Qc2 Qa8
1/2-1/2

[Event "2.BLW 1617 SG Bochum - SF Katernberg"]
[Site "?"]
[Date "2017.04.23"]
[Round "8.1"]
[White "Tomic, Bosko"]
[Black "Hendriks, Willy"]
[Result "1/2-1/2"]
[WhiteElo "2450"]
[BlackElo "2400"]
[PlyCount "56"]
[EventDate "2017.??.??"]

1. e4 d6 2. d4 Nf6 3. Nc3 g6 4. f4 Bg7 5. Nf3 O-O 6. Bd3 Na6 7. O-O c5 8. Kh1
cxd4 9. Nxd4 Nc5 10. Nb3 b6 11. Nxc5 bxc5 12. Bd2 e6 13. f5 exf5 14. exf5 Bb7
15. Bg5 d5 16. Qf3 Qd7 17. Bb5 d4 18. Bxf6 Bxf3 19. Bxd7 Bxf6 20. Na4 Be4 21.
fxg6 fxg6 22. Nxc5 Bxc2 23. Be6+ Kg7 24. Bd5 Rae8 25. Ne6+ Rxe6 26. Bxe6 d3 27.
Bb3 Rd8 28. Rac1 Bxb2 1/2-1/2

[Event "2.BLW 1617 SG Bochum - SF Katernberg"]
[Site "?"]
[Date "2017.04.23"]
[Round "8.2"]
[White "Kotainy, Jens"]
[Black "Pijpers, Arthur"]
[Result "1-0"]
[WhiteElo "2404"]
[BlackElo "2457"]
[PlyCount "157"]
[EventDate "2017.??.??"]

1. e4 c5 2. Nf3 d6 3. c3 Nf6 4. Bd3 Nc6 5. O-O Bg4 6. h3 Bxf3 7. Qxf3 d5 8.
exd5 Qxd5 9. Qe2 e6 10. Na3 a6 11. Nc4 Rd8 12. Bc2 b5 13. Ne3 Qh5 14. Bd1 Qxe2
15. Bxe2 Ne5 16. a4 Nd3 17. axb5 axb5 18. Ra5 b4 19. Nc4 Be7 20. Ra7 Nf4 21.
Bf3 Nd3 22. Be2 Nf4 23. Bd1 N6d5 24. Ne5 c4 25. Ba4+ Kf8 26. Nxc4 Nd3 27. g3
Rc8 28. Ne3 Bc5 29. Rb7 Nf6 30. Bc2 Nxc1 31. Rxc1 h5 32. h4 bxc3 33. dxc3 g6
34. Bb3 Rd8 35. Rd1 Rxd1+ 36. Nxd1 Ne4 37. Kg2 Bd6 38. Bc4 Nc5 39. Ra7 Bb8 40.
Ra8 Ke7 41. b4 Ne4 42. Bd3 Nf6 43. c4 Rd8 44. Ra3 Ng4 45. c5 Ne5 46. Nb2 Rd4
47. Rb3 Rd5 48. f4 Ng4 49. Nc4 Bc7 50. Ra3 Kd7 51. Be2 Nf6 52. Ra7 Kc8 53. Ra8+
Kd7 54. Nb6+ Bxb6 55. cxb6 Kc6 56. Bf3 Kxb6 57. Bxd5 Nxd5 58. Rf8 Nxb4 59. Rxf7
Kc6 60. Rf6 Kd7 61. Rxg6 Nd5 62. Rh6 Ke7 63. Rxh5 Nf6 64. Ra5 Kf7 65. Kf3 Kg6
66. g4 Nd7 67. h5+ Kh6 68. Ra6 Nf8 69. f5 Kg5 70. fxe6 Kf6 71. g5+ Ke7 72. h6
Ng6 73. h7 Kf8 74. e7+ Kg7 75. Rxg6+ Kxh7 76. Rf6 Kg7 77. e8=Q Kh7 78. Qg6+ Kh8
79. Rf8# 1-0

[Event "2.BLW 1617 SG Bochum - SF Katernberg"]
[Site "?"]
[Date "2017.04.23"]
[Round "8.3"]
[White "Admiraal, Miguoel"]
[Black "Schlawin, Marlon"]
[Result "1-0"]
[WhiteElo "2440"]
[BlackElo "2345"]
[PlyCount "145"]
[EventDate "2017.??.??"]

1. e4 e6 2. d4 d5 3. Nd2 c5 4. exd5 exd5 5. Ngf3 Nf6 6. Bb5+ Bd7 7. Bxd7+ Nbxd7
8. O-O Be7 9. dxc5 Nxc5 10. Nd4 Qd7 11. Qf3 O-O 12. Nf5 Bd8 13. Nb3 Nce4 14.
Be3 a5 15. Nc5 Nxc5 16. Bxc5 Re8 17. Bd4 Ra6 18. Rad1 Qc7 19. c3 a4 20. Ne3 Ne4
21. Nxd5 Qc4 22. Ne3 Qxa2 23. Nf5 Bf6 24. Bxf6 Nxf6 25. Qxb7 Raa8 26. Ra1 Qe6
27. Qf3 Qb6 28. Qf4 Qxb2 29. Nxg7 Kxg7 30. Qg5+ Kf8 31. Qxf6 Kg8 32. h4 Re6 33.
Qf3 Qb8 34. h5 a3 35. Rfb1 Qe8 36. Qg4+ Kf8 37. Qb4+ Qe7 38. Qd4 Qf6 39. Qd5
Rea6 40. Qc5+ Qd6 41. Qf5 h6 42. Ra2 Ra5 43. Qe4 Qe5 44. Qxe5 Rxe5 45. Rb3 Rxh5
46. Rbxa3 Rxa3 47. Rxa3 Rc5 48. Kf1 Ke7 49. Ke2 Ke6 50. Ra6+ Kf5 51. Kd3 Rd5+
52. Kc2 Re5 53. Ra2 Re6 54. c4 Rg6 55. g3 Ke4 56. Kc3 f5 57. Rd2 Kf3 58. c5 f4
59. gxf4 Kxf4 60. Rd6 Rg5 61. Kd4 h5 62. c6 Rg1 63. Rd5 h4 64. c7 Rd1+ 65. Kc5
Rc1+ 66. Kd6 h3 67. Rh5 Rd1+ 68. Ke7 Re1+ 69. Kd8 Rd1+ 70. Kc8 Kg4 71. Rh8 Rc1
72. Kb7 Rb1+ 73. Ka6 1-0

[Event "2.BLW 1617 SG Bochum - SF Katernberg"]
[Site "?"]
[Date "2017.04.23"]
[Round "8.4"]
[White "Hengelbrock, Joachim"]
[Black "Siebrecht, Sebastian"]
[Result "0-1"]
[WhiteElo "2310"]
[BlackElo "2445"]
[PlyCount "72"]
[EventDate "2017.??.??"]

1. d4 Nf6 2. c4 e6 3. Nf3 Bb4+ 4. Bd2 Qe7 5. Qc2 Nc6 6. a3 Bxd2+ 7. Nbxd2 a5 8.
Rc1 O-O 9. e3 d6 10. g3 e5 11. d5 Nb8 12. Bg2 a4 13. c5 Nbd7 14. cxd6 cxd6 15.
Nh4 Nc5 16. Nf5 Bxf5 17. Qxf5 e4 18. O-O g6 19. Qg5 Kg7 20. Rc4 Rfe8 21. Rd4 b5
22. f4 exf3 23. Rxf3 h6 24. Qf4 Nh5 25. Qh4 Qxh4 26. gxh4 Rab8 27. Bf1 Re5 28.
e4 Nf6 29. Rf4 Re7 30. Rb4 g5 31. hxg5 hxg5 32. Rf3 Ncxe4 33. Re3 Nxd2 34. Rxe7
Nxd5 35. Rbe4 Nxe7 36. Rxe7 Kf6 0-1

[Event "2.BLW 1617 SG Bochum - SF Katernberg"]
[Site "?"]
[Date "2017.04.23"]
[Round "8.5"]
[White "Scholz, Christian"]
[Black "Backwinkel, Paul"]
[Result "1/2-1/2"]
[WhiteElo "2382"]
[BlackElo "2313"]
[PlyCount "71"]
[EventDate "2017.??.??"]

1. d4 c5 2. d5 d6 3. c4 e5 4. Nc3 Be7 5. Nf3 Na6 6. h3 f5 7. e4 f4 8. g3 fxg3
9. fxg3 Nf6 10. Be3 O-O 11. Qe2 Nc7 12. a4 Qe8 13. g4 Rb8 14. Bg2 a6 15. O-O b5
16. axb5 axb5 17. Ra7 Bd8 18. Nh4 bxc4 19. Nf5 Bxf5 20. exf5 Nb5 21. Nxb5 Rxb5
22. Ra8 Nd7 23. g5 Nb6 24. Ra7 Nc8 25. Ra6 Rb8 26. Be4 Qb5 27. Rc6 Qb3 28. f6
g6 29. Re1 Ba5 30. Ra1 c3 31. Rxa5 Qb4 32. bxc3 Qxe4 33. Ra1 Qxd5 34. Rc7 Rf7
35. Rxf7 Qxf7 36. Qg4 {(=)} 1/2-1/2

[Event "2.BLW 1617 SG Bochum - SF Katernberg"]
[Site "?"]
[Date "2017.04.23"]
[Round "8.6"]
[White "Werthebach, Felix"]
[Black "Rosen, Bernd"]
[Result "1/2-1/2"]
[WhiteElo "2168"]
[BlackElo "2304"]
[PlyCount "76"]
[EventDate "2017.??.??"]

1. c4 c5 2. Nc3 Nc6 3. g3 g6 4. Bg2 Bg7 5. a3 d6 6. Rb1 a5 7. d3 e5 8. e4 Nge7
9. Nge2 O-O 10. O-O Rb8 11. Be3 Bd7 12. Nb5 Be8 13. f4 Nd4 14. Nexd4 cxd4 15.
Bd2 d5 16. fxe5 dxc4 17. dxc4 Nc6 18. e6 fxe6 19. Qg4 Bf7 20. Bg5 Qb6 21. Rxf7
Kxf7 22. Nd6+ Kg8 23. Qxe6+ Kh8 24. Nf7+ Rxf7 25. Qxf7 Rf8 26. Qd5 Qb3 27. Rf1
Rxf1+ 28. Bxf1 h6 29. Bf4 g5 30. Bd2 Qc2 31. Be1 Ne5 32. Bf2 d3 33. Kg2 Ng4 34.
Qc5 Nxf2 35. Qc8+ Kh7 36. Qf5+ Kg8 37. Qe6+ Kh7 38. Qf5+ Kg8 1/2-1/2

[Event "2.BLW 1617 SG Bochum - SF Katernberg"]
[Site "?"]
[Date "2017.04.23"]
[Round "8.7"]
[White "Bee, Marcus"]
[Black "Baltic, Fatih"]
[Result "1/2-1/2"]
[WhiteElo "2141"]
[BlackElo "2275"]
[PlyCount "31"]
[EventDate "2017.??.??"]

1. Nf3 Nf6 2. c4 e6 3. g3 a6 4. Bg2 b5 5. b3 Bb7 6. O-O c5 7. Bb2 Be7 8. d3 d6
9. Nbd2 O-O 10. Qc2 Qb6 11. Rac1 Nc6 12. Qb1 Nd4 13. Rfe1 Nxf3+ 14. Bxf3 Bxf3
15. Nxf3 Nd7 16. Qc2 {(=)} 1/2-1/2

[Event "2.BLW 1617 SG Bochum - SF Katernberg"]
[Site "?"]
[Date "2017.04.23"]
[Round "8.8"]
[White "Koellner, Ruben Gideon"]
[Black "Villwock, Martin"]
[Result "1/2-1/2"]
[WhiteElo "2086"]
[BlackElo "2064"]
[PlyCount "105"]
[EventDate "2017.??.??"]

1. d4 Nf6 2. Bg5 c5 3. Bxf6 gxf6 4. d5 Qb6 5. Qc1 f5 6. c4 Bg7 7. Nc3 d6 8. e3
Nd7 9. Nf3 Qa5 10. Bd3 Ne5 11. Nxe5 Bxe5 12. Qc2 Bd7 13. O-O e6 14. f4 Bf6 15.
dxe6 fxe6 16. e4 fxe4 17. Nxe4 Bd4+ 18. Kh1 Qc7 19. Ng5 O-O-O 20. Nf7 Ba4 21.
Qxa4 Qxf7 22. Qxa7 Kc7 23. Qa5+ Kb8 24. f5 e5 25. Qb5 d5 26. cxd5 Rd6 27. Be4
Qf6 28. Qe2 Rg8 29. Rf3 Rb6 30. Rb1 Rg4 31. Rh3 Qg5 32. Rxh7 Rxb2 33. Rh8+ Kc7
34. d6+ Kxd6 35. Qc4 Rxb1+ 36. Bxb1 Qf6 37. Re8 Kc7 38. Qd5 Qg5 39. Qf7+ Kb6
40. Qb3+ Kc7 41. Qf7+ Kb6 42. Qe6+ Ka7 43. Qc4 Bf2 44. Qc3 Rh4 45. Qa3+ Kb6 46.
Bd3 Qh5 47. Re6+ Kc7 48. Qa5+ Kc8 49. Qa8+ Kd7 50. Rd6+ Kxd6 51. Qd8+ Kc6 52.
Qc8+ Kb6 53. Qd8+ 1/2-1/2

[Event "2.BLW 1617 SV Hofheim - SG Köln Porz"]
[Site "?"]
[Date "2017.04.23"]
[Round "8.1"]
[White "Van Wely, Loek"]
[Black "Volokitin, Andrei"]
[Result "1/2-1/2"]
[WhiteElo "2669"]
[BlackElo "2652"]
[PlyCount "72"]
[EventDate "2017.??.??"]

1. c4 Nf6 2. Nc3 e5 3. Nf3 Nc6 4. g3 Bb4 5. Bg2 O-O 6. O-O Re8 7. d3 d6 8. Bd2
a5 9. a3 Bxc3 10. Bxc3 a4 11. Qc2 Nd7 12. Rad1 Nc5 13. d4 exd4 14. Nxd4 Bd7 15.
e4 Nxd4 16. Bxd4 Nb3 17. c5 Bb5 18. Rfe1 Nxd4 19. Rxd4 Qf6 20. Red1 Rad8 21. f4
dxc5 22. Qxc5 Rxd4 23. Rxd4 b6 24. Qc3 c5 25. Rd2 Qxc3 26. bxc3 f6 27. Rd6 Rb8
28. e5 fxe5 29. fxe5 Kf8 30. Kf2 Ke7 31. Bc6 Bxc6 32. Rxc6 Kd7 33. Rd6+ Ke7 34.
Rc6 Kd7 35. Rd6+ Ke7 36. Rc6 Kd7 1/2-1/2

[Event "2.BLW 1617 SV Hofheim - SG Köln Porz"]
[Site "?"]
[Date "2017.04.23"]
[Round "8.3"]
[White "Bok, Benjamin"]
[Black "Savchenko, Stanislav"]
[Result "1/2-1/2"]
[WhiteElo "2605"]
[BlackElo "2475"]
[PlyCount "90"]
[EventDate "2017.??.??"]

1. e4 c5 2. Nf3 d6 3. d4 cxd4 4. Nxd4 Nf6 5. Nc3 a6 6. Be3 e5 7. Nf3 Qc7 8. Be2
Be7 9. a4 O-O 10. O-O Be6 11. a5 h6 12. Nd5 Nxd5 13. exd5 Bg4 14. Bb6 Qc8 15.
Nd2 Bxe2 16. Qxe2 Nd7 17. Nc4 Rb8 18. b4 f5 19. f4 Nxb6 20. Nxb6 Qc7 21. fxe5
dxe5 22. Qe1 e4 23. c4 Bd6 24. g3 f4 25. c5 Be5 26. Rd1 e3 27. Qe2 Rbe8 28. d6
Qf7 29. Nd5 g5 30. Nxe3 Bxd6 31. cxd6 Rxe3 32. Qxe3 fxe3 33. Rxf7 Kxf7 34. Rf1+
Kg7 35. Re1 Re8 36. d7 Rd8 37. Rxe3 Rxd7 38. Re6 Rf7 39. Rb6 h5 40. Kg2 Kh7 41.
g4 h4 42. h3 Kg7 43. b5 axb5 44. Rxb5 Kg6 45. Rb3 Kg7 1/2-1/2

[Event "2.BLW 1617 SV Hofheim - SG Köln Porz"]
[Site "?"]
[Date "2017.04.23"]
[Round "8.4"]
[White "Ginsburg, Gennadi"]
[Black "Van Den Doel, Erik"]
[Result "0-1"]
[WhiteElo "2470"]
[BlackElo "2566"]
[PlyCount "78"]
[EventDate "2017.??.??"]

1. d4 d5 2. Nf3 Nf6 3. c4 dxc4 4. Nc3 a6 5. a4 Nc6 6. Bg5 h6 7. Bh4 g5 8. Bg3
g4 9. Ne5 Qxd4 10. Nxc6 Qxd1+ 11. Rxd1 bxc6 12. Bxc7 Nd5 13. Ba5 Be6 14. h3 g3
15. fxg3 Ne3 16. Rd2 h5 17. Bc7 Bg7 18. Kf2 Nd5 19. Nxd5 cxd5 20. e3 Kd7 21.
Bb6 Kc6 22. a5 Bf5 23. Be2 Be4 24. Rc1 Kb5 25. b3 Rac8 26. Bd4 Bxd4 27. Rxd4
Kxa5 28. bxc4 Kb6 29. Ra1 e5 30. Rxa6+ Kxa6 31. cxd5+ Kb6 32. Rxe4 f6 33. Rh4
Rc2 34. g4 Ra8 35. gxh5 Raa2 36. h6 Rxe2+ 37. Kf3 f5 38. Rb4+ Kc5 39. h7 Rxg2
0-1

[Event "2.BLW 1617 SV Hofheim - SG Köln Porz"]
[Site "?"]
[Date "2017.04.23"]
[Round "8.5"]
[White "Lutz, Christopher"]
[Black "Lobzhanidze, Davit"]
[Result "1/2-1/2"]
[WhiteElo "2536"]
[BlackElo "2431"]
[PlyCount "55"]
[EventDate "2017.??.??"]

1. e4 e5 2. Nf3 Nc6 3. Bb5 a6 4. Ba4 Nf6 5. O-O Be7 6. Re1 b5 7. Bb3 d6 8. c3
O-O 9. h3 Nb8 10. d4 Nbd7 11. Nbd2 Bb7 12. Bc2 Re8 13. Nf1 Bf8 14. Ng3 g6 15.
a4 Bg7 16. Bd3 c6 17. Bg5 Nf8 18. Qc2 Ne6 19. Be3 Nd7 20. Rad1 Qc7 21. b4 bxa4
22. Qxa4 a5 23. bxa5 Rxa5 24. Qb3 Rb8 25. dxe5 dxe5 26. Qc2 Ndc5 27. Bc4 Ba6
28. Bxa6 1/2-1/2

[Event "2.BLW 1617 SV Hofheim - SG Köln Porz"]
[Site "?"]
[Date "2017.04.23"]
[Round "8.6"]
[White "Gurevich, Vladimir"]
[Black "Rotstein, Arkadij"]
[Result "1/2-1/2"]
[WhiteElo "2476"]
[BlackElo "2501"]
[PlyCount "29"]
[EventDate "2017.??.??"]

1. e4 g6 2. d4 Bg7 3. Nc3 c6 4. Nf3 d5 5. h3 dxe4 6. Nxe4 Nf6 7. Nxf6+ exf6 8.
Bc4 O-O 9. O-O Nd7 10. Re1 b5 11. Bb3 Nb6 12. a4 bxa4 13. Bxa4 Nxa4 14. Rxa4
Be6 15. b3 1/2-1/2

[Event "2.BLW 1617 SV Hofheim - SG Köln Porz"]
[Site "?"]
[Date "2017.04.23"]
[Round "8.7"]
[White "Liard, Thibaud"]
[Black "Perske, Thore"]
[Result "1/2-1/2"]
[WhiteElo "2180"]
[BlackElo "2413"]
[PlyCount "55"]
[EventDate "2017.??.??"]

1. d4 Nf6 2. c4 g6 3. Nc3 Bg7 4. e4 d6 5. Nf3 O-O 6. Be2 Na6 7. O-O e5 8. Be3
Ng4 9. Bg5 Qe8 10. c5 h6 11. Bh4 exd4 12. Nxd4 dxc5 13. Ndb5 Nf6 14. Re1 g5 15.
Bg3 Nxe4 16. Bc4 Nxc3 17. Nxc3 Qd8 18. Bxf7+ Kxf7 19. Qb3+ Kg6 20. Rad1 Bd4 21.
Nd5 Re8 22. h4 Bg4 23. Rxe8 Qxe8 24. Rxd4 cxd4 25. Qd3+ Kf7 26. Qh7+ Ke6 27.
Qe4+ Kf7 28. Qh7+ 1/2-1/2

[Event "2.BLW 1617 SV Hofheim - SG Köln Porz"]
[Site "?"]
[Date "2017.04.23"]
[Round "8.8"]
[White "Zude, Erik"]
[Black "Fieberg, Samuel"]
[Result "1-0"]
[WhiteElo "2407"]
[BlackElo "2241"]
[PlyCount "83"]
[EventDate "2017.??.??"]

1. c4 c6 2. Nf3 Nf6 3. g3 d5 4. Bg2 Bg4 5. O-O Nbd7 6. cxd5 cxd5 7. d4 e6 8.
Bf4 Be7 9. Nc3 O-O 10. Qb3 Qb6 11. Ne5 Nxe5 12. Qxb6 axb6 13. dxe5 Nd7 14. h3
Bh5 15. g4 Bg6 16. e4 dxe4 17. a3 Nc5 18. Be3 f5 19. exf6 Bxf6 20. Rfd1 Rf7 21.
Rd6 Ra6 22. Rad1 Be5 23. Rxb6 Rxb6 24. Rd8+ Rf8 25. Rxf8+ Kxf8 26. Bxc5+ Rd6
27. Bxe4 Ke8 28. Bxd6 Bxd6 29. Bxg6+ hxg6 30. Kf1 Kd7 31. Ke2 Kc6 32. Kd3 Be5
33. Kc4 b5+ 34. Nxb5 Bxb2 35. Nd4+ Kd6 36. a4 e5 37. Nb5+ Kc6 38. f3 Bc1 39. a5
Bf4 40. a6 Kb6 41. a7 Kb7 42. Kd5 1-0